zpět

Detail výsledku týmu

R.A.M., Jablonec nad Nisou

Datum a čas kvízu

28 Celkem bodů Celkový počet nahraných bodů na tomto kvízu bez doplňovacích otázek.
13. Pořadí na kvízu Konečné umístění týmu na tomto kvízu.

Zaznamenané odpovědi

# Otázka Odpověď Body Výsledky
1. Který 63letý muž se ve čtvrtek... Jiří Kajínek 0
2. Papež František schválil svato... Boží influencer 0
3. Která hollywoodská herečka si... Scarlett Johansson 1
4. V pondělí se podíval do vesmír... nejstarší člověk ve vesmíru 1
5. Který klub, jenž byl ještě ned... Příbram 0
6. Jak se nazývají dva nejdůležit... Franská říše, Byzantská (Východořímská) říše 0
7. Jak se jmenoval významný střed... Vilém I. Dobyvatel 0
8. Přemyslovci v českých zemích v... C 0
9. Vytvořte z těchto středověkých... 1D 2C 3A 4B 0
10. Závěrem tématu se podíváme na... šlojíř, šlář 1